Statistics for U.S. States by AP Style Abbreviations

Click here to take the quiz!

General Stats

  • This quiz has been taken 126 times
  • The average score is 33 of 50

Answer Stats

State % Correct
Ala.
89%
Mo.
87%
Calif.
85%
Texas
85%
Utah
83%
Ore.
83%
Ariz.
80%
Wash.
80%
N.C.
80%
Idaho
80%
Nev.
80%
S.D.
78%
N.D.
78%
Mont.
78%
S.C.
76%
N.M.
74%
Colo.
74%
Ohio
72%
Mich.
72%
Miss.
72%
Wyo.
70%
Wis.
70%
Ark.
70%
Minn.
70%
Kan.
70%
N.Y.
70%
Neb.
67%
Iowa
65%
Hawaii
63%
Ill.
63%
Alaska
63%
Ind.
63%
La.
63%
Tenn.
63%
Okla.
61%
Maine
61%
N.J.
59%
Ga.
59%
Va.
52%
N.H.
52%
Fla.
52%
Mass.
52%
R.I.
48%
Conn.
48%
Pa.
48%
Vt.
48%
Md.
48%
Del.
46%
Ky.
46%
W. Va.
39%

Score Distribution

Percentile by Number Answered

Percent of People with Each Score

Your Score History

You have not taken this quiz